General Knowledge Quiz - Multiple Choice - Statistics

General Stats
  • This quiz has been taken 63 times
  • The average score is 9 of 15
Answer Stats
Question Answer % Correct
The brain is divided into how many lobes? 4
100%
Where does arabica coffee originate? Ethiopia
100%
What is the second tallest mountain in the world? K2
100%
Who is the Roman God of War? Mars
100%
What is the world's most expensive spice by weight? Saffron
100%
In what year did the French Revolution begin? 1789
67%
Croatia and Slovenia border what sea? Adriatic Sea
67%
What is the biggest island in Canada? Baffin Island
67%
Chartreuse is a colour between yellow and what? Green
67%
Gray, blue, bowhead and finback are varieties of what? Whales
67%
In what U.K. city would you find the Abbey Road popularized by The Beatles? London
33%
What is a baby sea lion called? Pup
33%
What color dresses do Chinese women traditionally wear on their wedding day? Red
33%
Between which two planets does the asteroid belt lie? Mars and Jupiter
0%
What is the name of Sherlock Holmes' brother? Mycroft
0%
No matching quizzes found
Score Distribution
Percent of People with Each Score
Percentile by Number Answered
Your Score History
You have not taken this quiz